000 01106cam a2200241 4500
008 011017n2001 000 0 eng u
020 _a1841131814
035 _a(Sirsi) u115157
050 _a333.77
100 _aMiller, C.
_xEditor
245 _aPlanning and environmental protection : a review of law and policy
260 _aOxford
_bHart Publishing
_c2001
300 _axxvii,258p.
_c24cm.
350 _a22.50
520 _aA collection of essays examining the role played by land use planning in minimising waste generation and energy consumption and maximising local amenity in order to protect the environment. Considers environmental assessment, the impact of the actions of environmental activists and protesters, and the potential for the planning system to become the forum for negotiation to encourage sustainability.
650 _aEC DIRECTIVE 85/337
650 _aENVIRONMENTAL LAND MANAGEMENT
650 _aLAND USE PLANNING
650 _aPLANNING PROCESS
650 _aPLANNING SYSTEM
690 _aENVIRONMENTAL AND LAND CONSULTANCY-ENVIRONMENTAL MANAGEMENT
942 _n0
999 _c101718
_d101718